Statistics for Washington... or Washington D.C.?

Click here to take the quiz!

General Stats

  • This quiz has been taken 9,370 times
    (9,362 since last reset)
  • The average score is 12 of 15

Answer Stats

QuestionAnswer% Correct
Home to the Lincoln MemorialD.C.
98%
Is further northState
96%
Starbucks is headquartered thereState
91%
Is named after George WashingtonBoth
89%
Over 40% of the population is African-AmericanD.C.
88%
The Potomac river runs through itD.C.
87%
Has a higher homicide rateD.C.
86%
Has a coastline on the oceanState
80%
Has a higher populationState
79%
It is the primary residence of the world's two richest peopleState
75%
Voted for Hillary Clinton in 2016 U.S. presidential electionBoth
74%
Its NFL team changed its offensive team name in 2020D.C.
69%
Borders two U.S. statesBoth
65%
Has the higher GDP per capitaD.C.
62%
Has the higher average annual precipitationD.C.
14%

Score Distribution

Percentile by Number Answered

Percent of People with Each Score

Your Score History

You have not taken this quiz since the last reset